000 00932cab a2200349 4500
001 ABS44292
008 090401t1991 xxu||||| |||| 00| 0 eng d
035 _a(Sirsi) u46403
041 _aeng
100 _aChilds, C.
245 _aMaking the most of the French approach
260 _c1991
350 _a0
490 _aCorporate Location Europe
_vSupplement 1991, 52-53 (2)
520 _aTakes a general overview of the French property scene looking at regional policy , rent differentials, supply and demand .
650 _aPROPERTY-COMMERCIAL PROPERTY
650 _aDEVELOPMENT
650 _aFRANCE
650 _aGRENOBLE
650 _aILE DE FRANCE
650 _aLILLE
650 _aLYONS
650 _aMARKET
650 _aMARSEILLES
650 _aNICE
650 _aPARIS
650 _aRENTAL GROWTH
650 _aTECHNOPOLE
690 _aOVERSEAS-EUROPE
942 _n0
948 _c04/03/1997
999 _c29356
_d29356